000 01075nam a2200241 a 4500
001 80164)
003 BD-RjUL
005 20220803144652.0
008 220802s|||| pk 000 0 urd d
035 _a(BD-RjUL) 80164)
040 _aBIC
_beng
_cBD-RjUL
041 _aurd
082 _223
_a297.18
_bDAH
100 1 _aالدهلوي، أبو عبدالعزيز أحمد شاه ولي الله بن عبدالرحيم العمري،[Dahlawi, Abu Abdulaziz Ahmed Shah Wali Allah bin Abdul Rahim Al-Omari,]
_d1114-1176 هجري[1699-1762 م.]
_94260
245 1 0 _aحجة الله البالغة / hijat allah albalighat /
_cشاه ولي الله الدهلوي.حصه دوم عبد الرحيم[Shah Wali Allah Dahlawi. Hessa Dom Abdul Rahim[
260 _aLahore :
_bQawmi kitab khana
_c1962
300 _a842ص. :
_b1-2 ج. ;
_c30 سم.
505 _aVol. 2.--
650 7 _aالفقه الاسلامي.
_2BIC
_9432
650 7 _aالعبادات (فقه اسلامي)
_2BIC
_94261
650 7 _aالمعاملات (فقه اسلامي)
_2BIC
_94262
942 _2ddc
_cBK
999 _c80164
_d80164